সুনামগঞ্জ পরিচিতি / (Record no. 26071)

MARC details
000 -LEADER
fixed length control field 00807nam a22002057a 4500
003 - CONTROL NUMBER IDENTIFIER
control field BDDh-ASL
005 - DATE AND TIME OF LATEST TRANSACTION
control field 20231015030608.0
008 - FIXED-LENGTH DATA ELEMENTS--GENERAL INFORMATION
fixed length control field 210926s2002 b ||||| |||| 00| 0 b d
040 ## - CATALOGING SOURCE
Transcribing agency BDDh-ASL
082 ## - DEWEY DECIMAL CLASSIFICATION NUMBER
Classification number 954.92
Item number SUN
110 1# - MAIN ENTRY--CORPORATE NAME
9 (RLIN) 4582
Corporate name or jurisdiction name as entry element জেলা প্রশাসন, সুনামগঞ্জ
245 00 - TITLE STATEMENT
Title সুনামগঞ্জ পরিচিতি /
246 ## - VARYING FORM OF TITLE
Title proper/short title Sunamganj Parichiti
260 ## - PUBLICATION, DISTRIBUTION, ETC.
Place of publication, distribution, etc. সুনামগঞ্জ:
Name of publisher, distributor, etc. জেলা প্রশাসন,
Date of publication, distribution, etc. ২০০২।
300 ## - PHYSICAL DESCRIPTION
Extent ৩৮৪ পৃষ্ঠা, :
Dimensions ২২ সে. মি.
504 ## - BIBLIOGRAPHY, ETC. NOTE
Bibliography, etc. note গ্রন্থপঞ্জি সংযুক্ত।
650 #0 - SUBJECT ADDED ENTRY--TOPICAL TERM
9 (RLIN) 1349
Topical term or geographic name entry element History
Geographic subdivision Bangladesh (বাংলাদেশ)
651 #0 - SUBJECT ADDED ENTRY--GEOGRAPHIC NAME
9 (RLIN) 4583
Geographic name Sunamganj (সুনামগঞ্জ)
942 ## - ADDED ENTRY ELEMENTS (KOHA)
Source of classification or shelving scheme Dewey Decimal Classification
Koha item type Books
Holdings
Withdrawn status Lost status Source of classification or shelving scheme Damaged status Not for loan Collection code Home library Current library Shelving location Date acquired Source of acquisition Total Checkouts Full call number Barcode Date last seen Copy number Price effective from Koha item type
    Dewey Decimal Classification     Non-fiction Asiatic Society Library Asiatic Society Library General Stacks 09/26/2021 ASB Collection   954.92 SUN 112006 09/26/2021 C-1 09/26/2021 Books
    Dewey Decimal Classification     Non-fiction Asiatic Society Library Asiatic Society Library General Stacks 11/29/2021 ASB Library Collection   954.92 SUN 115811 11/29/2021 C-2 11/29/2021 Books

Powered by Koha